| 000 | 00456nam a2200169Ia 4500 | ||
|---|---|---|---|
| 008 | 140609s9999 xx 000 0 und d | ||
| 020 | _a9789718342367 | ||
| 050 |
_aBS 2415 _b.P49 2006 |
||
| 100 | _aPiper, John. | ||
| 245 |
_aWhat Jesus demands from the world / _cJohn Piper |
||
| 260 |
_aWheaton, Ill. : _bCrossway Books, _cc2006. |
||
| 300 |
_a400 p. ; _c23 cm. |
||
| 500 | _aIncludes index. | ||
| 521 | _aGE | ||
| 942 |
_kFOR _cBK |
||
| 999 |
_c118093 _d118093 |
||